000 00547nam a22001937a 4500
003 DO-SdBNP
005 20180213153408.0
008 171031b 2006 dr| 00| 0 spa d
022 _a9945857207
040 _aBPMSU
_bspa
_cBPMSU
082 4 _axxxx
_bxxxx
100 1 _aGil, Orlando
245 1 0 _aRaíces del viento :
_bantología personal (1977-2006) /
_cOrlando Gil
260 _aSanto Domingo :
_bLozano,
_c2006.
300 _a173 p. ;
_c21 cm.
942 _2ddc
_cBK
945 _aInventariado, 2018 / BT
956 _aBTAVAREZ
_b10
_d20171031
_fBPMSU
_h0038
999 _c12728
_d12728